000 00523nam a22001817a 4500
003 CEME
005 20210628204107.0
008 210112b xxu||||| |||| 00| 0 eng d
020 _a9788132203520
040 _cceme
082 _a005.74 EXP
100 _aScott, John Edward , Aust, Dietmar , Souza, Martin Giffy D
_968706
245 _aExpert oracle application express
260 _aNEW DELHI
_bAPRESS
_c2011
300 _aXXVIII, 590P
650 _aEXPERT ORACLE.ORACLE APPLICATION EXPRESS
_968707
942 _cBK
_2ddc
999 _c576197
_d576197